00876nam a22001337a 450000500170000002000180001708200130003510000190004824500860006726000450015330000300019852004860022865000280071420260701142306.0 a9781633434882 a006.3DHA aDhamani, Numa. aIntroduction to Generative AIbReliable, Responsible, and Real-World Applications aNew YorkbManning Publications Co.c2025 axviii, 480p.bill.; 24 cm aAI tools like ChatGPT and Gemini, automated coding tools like Cursor and Copilot, and countless LLM-powered agents have become a part of daily life. They’ve also spawned a storm of misinformation, hype, and doomsaying that makes it tough to understand exactly what Generative AI actually is and what it can really do. This book delivers a clear, well-written survey of generative AI fundamentals along with the techniques and strategies you need to use AI safely and effectively. aArtificial intelligence